000 00621nam a2200181Ia 4500
003 GCL
008 140319s9999 xx 000 0 ara d
040 _aGCL /
_cGCL
082 0 4 _a219.3
_bا ر
100 1 _aاحمد كمال ابوالمجد
245 1 0 _aرؤية اسلامية معاصرة: اعلان مبادىء /
_cاحمد كمال ابوالمجد
300 _a67 ص
490 _a100 قصة
_v0
650 0 4 _aالعصر الحديث
650 0 4 _aالاسلام والاصلاح السياسى
650 0 4 _aالاسلام - حركات الاحياء والاصلاح والتجديد
942 _2ddc
_cBK
999 _c44981
_d44981